LIBRARY ONLINE CATALOGUE

The complete idiots guide to music composition (Record no. 15880)

MARC details
000 -LEADER
fixed length control field 00504nam a22001577a 4500
008 - FIXED-LENGTH DATA ELEMENTS--GENERAL INFORMATION
fixed length control field 160318b xxu||||| |||| 00| 0 eng d
020 ## - INTERNATIONAL STANDARD BOOK NUMBER
International Standard Book Number 1592574032
040 ## - CATALOGING SOURCE
Original cataloging agency KABU
Transcribing agency KABU
050 ## - LIBRARY OF CONGRESS CALL NUMBER
Classification number MT40
Item number .M59 2005
100 ## - MAIN ENTRY--PERSONAL NAME
Personal name Miller, michael
245 ## - TITLE STATEMENT
Title The complete idiots guide to music composition
Statement of responsibility, etc. by miachael miller
260 ## - PUBLICATION, DISTRIBUTION, ETC. (IMPRINT)
Place of publication, distribution, etc. U.S.A
Name of publisher, distributor, etc. Penguin Group (Alpha Books)
Date of publication, distribution, etc. 2005
300 ## - PHYSICAL DESCRIPTION
Extent xi, 264p.
Other physical details ill.
650 ## - SUBJECT ADDED ENTRY--TOPICAL TERM
Topical term or geographic name as entry element composition(music)
942 ## - ADDED ENTRY ELEMENTS (KOHA)
Source of classification or shelving scheme Library of Congress Classification
Koha item type General Collection
Classification part MT40 .M59 2005 C.1
Holdings
Withdrawn status Lost status Source of classification or shelving scheme Not for loan Home library Current library Shelving location Date acquired Cost, normal purchase price Total Checkouts Full call number Barcode Date last seen Date last checked out Copy number Price effective from Koha item type
    Library of Congress Classification   Kabarak, Main Campus Kabarak, Main Campus General Stacks 18/03/2016 2262.00 4 MT40 .M59 2005 C.1 026156 23/02/2022 12/02/2022 C.1 18/03/2016 General Collection